Localités du Canton de Jura - Statistiques

Statistiques générales
  • Ce quiz a été pris 100 fois
    73 depuis la dernière actualisation
  • Le résultat moyen est 53 sur 91
Réponses sur la Carte
Les réponses sont colorées sur une échelle allant du rouge au vert en fonction du pourcentage des utilisateurs qui les ont devinées à leur premier essai. Vous pouvez retrouver ces pourcentages ci-dessous.
 
Statistiques - réponses
Habitants Commune % Correct
12 740 Delémont
95%
6 601 Porrentruy
95%
692 Saint-Ursanne
83%
3 830 Bassecourt
80%
1 171 Boncourt
80%
1 907 Alle
78%
2 725 Courtételle
78%
2 251 Saignelégier
78%
2 260 Courgenay
76%
3 211 Courrendlin
76%
2 935 Courroux
76%
1 366 Develier
76%
1 201 Glovelier
76%
1 255 Les Bois
76%
332 Fahy
73%
1 948 Le Noirmont
73%
1 928 Vicques
73%
1 045 Fontenais
71%
1 641 Les Breuleux
71%
124 Les Enfers
71%
547 Vendlincourt
71%
791 Boécourt
68%
190 Asuel
66%
655 Bonfol
66%
392 Buix
66%
637 Bure
66%
721 Coeuve
66%
1 807 Courfaivre
66%
189 Damphreux
66%
174 Lugnez
66%
430 Miécourt
66%
326 Pleigne
66%
733 Rossemaison
66%
1 060 Cornol
63%
402 Rebeuvelier
63%
41 Roche-d'Or
63%
112 Beurnevésin
61%
494 Châtillon
61%
193 Courtemautruy
61%
144 Réclère
61%
452 Soyhières
61%
397 Bressaucourt
59%
652 Chevenez
59%
445 Courchapoix
59%
774 Courtedoux
59%
611 Courtemaîche
59%
542 Mervelier
59%
556 Montfaucon
59%
478 Montsevelier
59%
264 Bourrignon
56%
495 Corban
56%
147 Fregiécourt
56%
644 Lajoux
56%
362 Vermes
56%
268 Charmoille
54%
435 Les Genevez
54%
123 Mettembert
54%
414 Movelier
54%
91 Pleujouse
54%
213 Soulce
54%
294 Undervelier
54%
314 Courchavon
51%
89 Damvant
51%
121 Ederswiler
51%
100 Epiquerez
51%
381 Grandfontaine
51%
19 Lucelle
51%
156 Muriaux
51%
194 Montignez
49%
267 Saulcy
49%
54 Seleute
49%
125 Soubey
49%
205 Villars-sur-Fontenais
49%
299 Le Bémont
46%
121 Ocourt
46%
232 Saint-Brais
46%
437 Courcelon
44%
73 Goumois
44%
163 Montavon
44%
139 Rocourt
44%
90 Montmelon
41%
62 Vellerat
41%
159 Epauvillers
39%
91 La Chaux- des-Breuleux
37%
92 Montenol
37%
202 Les Emibois
34%
8 Montfavergier
34%
275 Les Pommerats
29%
74 Fornet-Dessus
27%
75 Le Prédame
20%
77 Le Cerneux-Veusil
15%
Aucun quiz correspondant
Distribution des résultats
% des personnes avec chaque résultat
Percentile par nombre de réponses
Votre historique - résultats
Vous n’avez pas pris ce quiz depuis la dernière actualisation